Walt Disney

Uloženo v:
Podrobná bibliografie
Hlavní autor: Bessy, Maurice (Autor)
Médium: Kniha
Jazyk:francouzština
Vydáno: París Seghers 1970
Vydání:1a. ed
Edice:Cinéma D'Aujourd'hui, 64
Témata:
Tagy: Přidat tag
Žádné tagy, Buďte první, kdo vytvoří štítek k tomuto záznamu!

MARC

LEADER 00000cam a2200000 a 4500
001 UCV8310
003 CL-VaPUC
008 910327e19700000FR |||||||||||||||||fre|d
082 0 4 |a 791.4309  |b BES  |2 21 
100 0 |a Bessy, Maurice  |e author  |9 302373 
245 1 0 |a Walt Disney 
250 |a 1a. ed 
300 |a 185 p 
942 |c BK 
945 |d 19910327 00:00:00 
260 |a París  |b Seghers  |c 1970 
600 0 |a Disney, Walt  |9 266423 
650 0 |a Cine  |9 225706 
650 7 |a PRODUCCION Y DIRECCION  |2 CL-VaPUC  |9 302374 
650 0 |a Cinematografía  |9 265198 
583 |a last modification  |c 20190402 08:50:04  |k Rodrigo Vera 
490 0 |a Cinéma D'Aujourd'hui, 64 
999 |c 213848  |d 213846 
952 |0 0  |1 0  |3 erb  |4 0  |6 791_430900000000000_BES_1970  |7 0  |8 A  |9 196629  |a BIBART  |b BIBART  |i 5475821  |o 791.4309 BES 1970  |p 5475821  |r 2025-03-13  |w 2019-11-14  |y BK  |z Catalogado en:20180615  |k ART